Recent Advances in Cereals, Legumes and Oilseeds Grain Products Rheology and Quality (Record no. 16221)
[ view plain ]
| 000 -LEADER | |
|---|---|
| fixed length control field | 01539nam a2200133Ia 4500 |
| 008 - FIXED-LENGTH DATA ELEMENTS--GENERAL INFORMATION | |
| fixed length control field | 220615s9999||||xx |||||||||||||| ||und|| |
| 020 ## - INTERNATIONAL STANDARD BOOK NUMBER | |
| International Standard Book Number | 9783040000000 |
| 245 #0 - TITLE STATEMENT | |
| Title | Recent Advances in Cereals, Legumes and Oilseeds Grain Products Rheology and Quality |
| 546 ## - LANGUAGE NOTE | |
| Language note | English[eng] |
| 650 ## - SUBJECT ADDED ENTRY--TOPICAL TERM | |
| Topical term or geographic name entry element | KCl||NaCl||rheological properties||multiple criteria optimization||desirability functions||brewer’s spent grain||bioeconomy||valuable compounds||germination process||legumes||technological process||bread quality||bread||water content||Karl Fischer titration||KFT kinetics||principal component analysis||hybrid wheat||bread-making quality||N fertilisation||Lactobacillus plantarum ATCC 8014||nutritional effects||gluten-free muffins||quinoa flour||particle size||optimization||residues||sustainability||oil cake||bioactive compounds||edible films||wheat straws||pretreatment||hydrolysis||fermentation||bioethanol||wheat||triticale||sourdough||Mixolab||buckwheat flour||buckwheat sprouts||buns||quality and textural parameters||sorghum seeds||whole wheat flour||Lactobacillus plantarum||soy protein concentrate||pea protein concentrate||texture||sensory||craft beer||gluten-free beer||functional beer||adjuvants||malted cereals||gluten-free flour||gram||plantain||chickpea||tiger nut||pseudo-cereal||oat||millet||teff||rice||soybean sprouts||chitooligosaccharide||phytochemicals||antioxidant activity||catalase||peroxidase||n/a |
| 700 ## - ADDED ENTRY--PERSONAL NAME | |
| Personal name | Codină, Georgiana Gabriela |
| 856 ## - ELECTRONIC LOCATION AND ACCESS | |
| Uniform Resource Identifier | <a href="https://mdpi.com/books/pdfview/book/5016">https://mdpi.com/books/pdfview/book/5016</a> |
| 942 ## - ADDED ENTRY ELEMENTS (KOHA) | |
| Koha item type | E-Books |
| Withdrawn status | Lost status | Damaged status | Not for loan | Home library | Current library | Date acquired | Total Checkouts | Date last seen | Price effective from | Koha item type |
|---|---|---|---|---|---|---|---|---|---|---|
| Kerala University of Digital Sciences, Innovation and Technology Knowledge Centre | Kerala University of Digital Sciences, Innovation and Technology Knowledge Centre | 15/06/2022 | 15/06/2022 | 15/06/2022 | E-Books |